| 000 | 00946nam a2200229 a 4500 | ||
|---|---|---|---|
| 001 | BRCA_121 | ||
| 005 | 20190320202905.0 | ||
| 008 | 911002s1987 mx-#---###---#000-0#spa-d | ||
| 020 | _a9682915244 | ||
| 040 |
_aTxSa _cDLC _dDLC |
||
| 050 | 4 |
_aN6555 _b.A78 4 _c1987 |
|
| 245 | 1 | 0 |
_aCultura y sociedad en México y América Latina _bantología de textos _crecopilación Esther Cimet ... [et al.]. |
| 250 | _a2 | ||
| 260 |
_aMéxico _bINBA : Centro Nacional de Investigación, Documentación e Información de Artes Plásticas (CENIDIAP) : Dirección de Investigación y Documentación de las Artes _c1987 |
||
| 300 |
_a131 p. _c21 cm. |
||
| 440 | 0 |
_aColección Artes plásticas. _pSerie Investigación y documentación de las artes _v4 _9475 |
|
| 650 | 1 | 4 |
_aArtes visuales _ySiglo XX y XXI _9476 |
| 650 | 1 | 4 |
_aCultura popular _zAmérica Latina _9477 |
| 650 | 1 | 4 |
_aPolítica cultural _zAmérica Latina _9478 |
| 700 | 1 |
_aCimet, Esther _9292 |
|
| 942 |
_2lcc _cB |
||
| 999 |
_c105 _d105 |
||